[Event "Santo Domingo AES Cup 2nd"]
[Site "Santo Domingo"]
[Date "2012.12.06"]
[Round "8"]
[White "De Los Santos Nunez, Eddy"]
[Black "Castillo, Nelson"]
[Result "0-1"]
[WhiteElo "2121"]
[BlackElo "2064"]
[PlyCount "132"]
[EventDate "2012.12.01"]
[EventType "swiss"]
[EventRounds "9"]
[EventCountry "DOM"]
[SourceTitle "CBM 151 Extra"]
[Source "ChessBase"]
[SourceDate "2012.12.18"]
[SourceVersion "1"]
[SourceVersionDate "2012.12.18"]
[SourceQuality "1"]

1. e4 d6 2. d4 Nf6 3. Nc3 Nbd7 4. Nf3 e5 5. Bc4 Be7 6. Bxf7+ Kxf7 7. Ng5+ Kg8 8. Ne6 Qe8 9. Nxc7 Qg6 10. Nxa8 Qxg2 11. Rf1 Ng4 12. Qd3 h5 13. Qg3 Qxh2 14. Nc7 Bh4 15. Qxh2 Nxh2 16. N7b5 exd4 17. Ne2 Ne5 18. Nexd4 Nxf1 19. Kxf1 Bh3+ 20. Ke2 Be7 21. f3 h4 22. Kf2 g5 23. Bd2 g4 24. fxg4 Nxg4+ 25. Kf3 Ne5+ 26. Kf2 Rh7 27. Rg1+ Kf8 28. Nf5 Rf7 29. Nbd4 d5 30. Bf4 dxe4 31. Bxe5 Bxf5 32. Ke3 Bh7 33. c3 Ke8 34. Bf4 Kd7 35. Rd1 Bc5 36. Rh1 Be7 37. Rd1 Ke8 38. Rg1 Bf6 39. Rg2 Rg7 40. Rxg7 Bxg7 41. Ne6 Bf8 42. b4 Be7 43. a4 Kd7 44. Ng5 Bxg5 45. Bxg5 h3 46. Bf4 Ke6 47. c4 Kf5 48. a5 Bg8 49. a6 bxa6 50. c5 Bd5 51. Bh2 Ke6 52. Kd4 Kd7 53. Bf4 Kc6 54. Bg3 Kb7 55. Bf4 Bc6 56. Bg3 Kc8 57. Bh2 Kd7 58. Bb8 Ke7 59. Bh2 Kf6 60. Ke3 a5 61. bxa5 Ke6 62. Kd4 Kd7 63. Bg3 Bd5 64. Bf4 Kc6 65. Bg3 Kb7 66. Bf4 Bc6 0-1

[Event "Santo Domingo AES Cup 2nd"]
[Site "Santo Domingo"]
[Date "2012.12.03"]
[Round "4"]
[White "Subervi Nunez, Jonathan Sigfredo"]
[Black "Castillo, Nelson"]
[Result "1-0"]
[WhiteElo "2204"]
[BlackElo "2064"]
[PlyCount "67"]
[EventDate "2012.12.01"]
[EventType "swiss"]
[EventRounds "9"]
[EventCountry "DOM"]
[SourceTitle "CBM 151 Extra"]
[Source "ChessBase"]
[SourceDate "2012.12.18"]
[SourceVersion "1"]
[SourceVersionDate "2012.12.18"]
[SourceQuality "1"]

1. e4 d6 2. d4 Nf6 3. Nc3 Nbd7 4. Nf3 e5 5. Bc4 Be7 6. 0-0 0-0 7. Re1 c6 8. a4 a5 9. h3 exd4 10. Nxd4 Nc5 11. Bf4 Qb6 12. b3 Re8 13. Qf3 Bd7 14. Rad1 Rad8 15. Bc1 Qc7 16. Nf5 Bxf5 17. Qxf5 Qd7 18. Qf3 Qc8 19. Ba3 Ncd7 20. Bxd6 Bxd6 21. Rxd6 Ne5 22. Qd1 Nxc4 23. bxc4 Rxd6 24. Qxd6 Qe6 25. c5 Qe5 26. Re3 g5 27. Rf3 Kg7 28. Qd2 h6 29. Rf5 Qe7 30. e5 Nd7 31. Ne4 Nxc5 32. Nf6 Rh8 33. Qe3 Qe6 34. Nh5+ 1-0

[Event "Santo Domingo AES Cup 2nd"]
[Site "Santo Domingo"]
[Date "2012.12.02"]
[Round "2"]
[White "Nagimullin, Timur"]
[Black "Castillo, Nelson"]
[Result "0-1"]
[WhiteElo "2206"]
[BlackElo "2064"]
[PlyCount "126"]
[EventDate "2012.12.01"]
[EventType "swiss"]
[EventRounds "9"]
[EventCountry "DOM"]
[SourceTitle "CBM 151 Extra"]
[Source "ChessBase"]
[SourceDate "2012.12.18"]
[SourceVersion "1"]
[SourceVersionDate "2012.12.18"]
[SourceQuality "1"]

1. d4 Nf6 2. c4 e6 3. Nc3 c5 4. d5 exd5 5. cxd5 Bd6 6. Nf3 0-0 7. Bg5 Re8 8. e3 h6 9. Bh4 Na6 10. Bd3 Nc7 11. Ne4 Rxe4 12. Bxf6 Rxe3+ 13. fxe3 Qxf6 14. 0-0 Nxd5 15. Bh7+ Kxh7 16. Qxd5 Qe6 17. Rad1 Be7 18. Ne5 Qxd5 19. Rxd5 d6 20. Nxf7 Be6 21. Rd2 d5 22. g3 Kg8 23. Ne5 Bg5 24. Re2 d4 25. exd4 cxd4 26. b3 Rd8 27. h4 Be3+ 28. Kh2 Rc8 29. Ng6 Re8 30. Nf4 Bg4 31. Ree1 g5 32. hxg5 hxg5 33. Nd5 Kg7 34. Nxe3 dxe3 35. Rc1 Re7 36. Rfe1 e2 37. Kg2 Rf7 38. Rc3 Kg6 39. Rc2 Re7 40. Kf2 Rf7+ 41. Kg1 Bf3 42. Rd2 g4 43. Rd4 Rh7 44. Kf2 Rh2+ 45. Ke3 Rg2 46. Kf4 Rf2 47. Rd6+ Kh5 48. Ke3 Rg2 49. Rh1+ Kg5 50. Rdh6 e1Q+ 51. Rxe1 Kxh6 52. Kf4 Re2 53. Rc1 Rxa2 54. Rc3 Kg6 55. Rd3 Kf6 56. Rd6+ Ke7 57. Rh6 Rb2 58. Ke5 Rxb3 59. Rh7+ Kd8 60. Kd6 Rd3+ 61. Ke6 Bc6 62. Rg7 Rxg3 63. Kd6 Rd3+ 0-1